5HLuxD.jpg

KING HENRY VIII SENIOR AND PRIMARY SCHOOL LIBRARY OPAC

Arctic Whale Danger! / (Record no. 2813)

000 -LEADER
fixed length control field 00832nam a22002297a 4500
003 - CONTROL NUMBER IDENTIFIER
control field OSt
005 - DATE AND TIME OF LATEST TRANSACTION
control field 20230823073910.0
008 - FIXED-LENGTH DATA ELEMENTS--GENERAL INFORMATION
fixed length control field 230823b ||||| |||| 00| 0 eng d
020 ## - INTERNATIONAL STANDARD BOOK NUMBER
International Standard Book Number 9781424010424
Terms of availability paperback
020 ## - INTERNATIONAL STANDARD BOOK NUMBER
International Standard Book Number 142401042X
040 ## - CATALOGING SOURCE
Transcribing agency KH8
082 ## - DEWEY DECIMAL CLASSIFICATION NUMBER
Classification number 400 WAR
100 ## - MAIN ENTRY--PERSONAL NAME
Personal name Waring, Rob,
Relator term author.
245 ## - TITLE STATEMENT
Title Arctic Whale Danger! /
Statement of responsibility, etc. Rob Waring.
260 ## - PUBLICATION, DISTRIBUTION, ETC.
Place of publication, distribution, etc. United State;
Name of publisher, distributor, etc. Cengage Learning,
Date of publication, distribution, etc. 2007.
300 ## - PHYSICAL DESCRIPTION
Extent 24 pages:
Other physical details colour illustrations,
Dimensions 20.5x14.7x0.2 cm.
520 ## - SUMMARY, ETC.
Summary, etc. In the Arctic Ocean, a baby whale goes too close to land. It cannot get back to the water. A group of whales are trapped by moving ice. They cannot get back to open water. Will the whales find safety before it's too late?<br/><br/>
650 ## - SUBJECT ADDED ENTRY--TOPICAL TERM
Topical term or geographic name entry element Animal
Form subdivision Whale
650 ## - SUBJECT ADDED ENTRY--TOPICAL TERM
Topical term or geographic name entry element Ocean
710 ## - ADDED ENTRY--CORPORATE NAME
Corporate name or jurisdiction name as entry element National Geographic.
942 ## - ADDED ENTRY ELEMENTS (KOHA)
Source of classification or shelving scheme
Koha item type Teaching Resources
Holdings
Withdrawn status Lost status Source of classification or shelving scheme Damaged status Not for loan Collection code Permanent Location Current Location Shelving location Date acquired Total Checkouts Full call number Barcode Date due Date last seen Date last checked out Price effective from Koha item type
          Teaching Resources KH8 Senior School Library KH8 Senior School Library Staff Office 2023-08-23 1 400 WAR TRKHSL002305 2026-07-03 2025-08-20 2025-08-20 2023-08-23 Teaching Resources

Powered By KH8 IT Dept